000 00358nam a2200169Ia 4500
100 _aAskeland/D.R/ Phule/P.P
250 _a5
942 _cBK
366 _f17.5
654 _amaterials
245 _aThe science and Engineering of Materials
260 _bCengage Learning
_c2006
082 _bASK
300 _a863
546 _aENGLISH
999 _c28547
_d28547